Regionálna politika Európskej únie

Regionálna politika Európskej únie na obdobie rokov 2007-2013 zameraná na rozvoj infraštruktúry, regionálnu dostupnosť, inovácie a znalostnú ekonomiku, ľudské zdroje a vzdelávanie. Prideľovanie finančných zdrojov v rámci troch prioritných cieľov: konvergencia, regionálna konkurencieschopnosť a zames...

Full description

Saved in:
Bibliographic Details
Main Author: Lipková, Ľudmila
Format: Book Chapter
Language:Slovak
Subjects:
Tags: Add Tag
No Tags, Be the first to tag this record!

MARC

LEADER 00000naa$a2200000$$$4500
001 0053036
005 20240502071618.7
041 0 |a slo 
044 |a SK 
245 1 0 |a Regionálna politika Európskej únie  |c Ľudmila Lipková 
520 |a Regionálna politika Európskej únie na obdobie rokov 2007-2013 zameraná na rozvoj infraštruktúry, regionálnu dostupnosť, inovácie a znalostnú ekonomiku, ľudské zdroje a vzdelávanie. Prideľovanie finančných zdrojov v rámci troch prioritných cieľov: konvergencia, regionálna konkurencieschopnosť a zamestnanosť, európska územná spolupráca. Kritika súčasného mechanizmu prerozdeľovania prostriedkov zo spoločného rozpočtu EÚ. 
610 2 0 |a spolupráca hospodárska medzinárodná 
610 2 0 |a vzťahy medzinárodné 
610 2 0 |a regióny 
610 2 0 |a rozvoj regionálny 
610 2 0 |a rozvoj hospodársky 
610 2 0 |a politika regionálna 
610 2 0 |a financie 
610 2 0 |a zamestnanosť 
610 2 0 |a konkurencieschopnosť 
610 2 0 |a vzdelávanie 
610 2 0 |a fondy štruktúrne 
610 2 0 |a Európska únia 
100 1 |a Lipková, Ľudmila